| 000 | 00407nam a2200145Ia 4500 | ||
|---|---|---|---|
| 005 | 20260217115640.0 | ||
| 022 | _a1461-7218 | ||
| 050 | _aGV706 .I58/ | ||
| 245 | _aINTERNATIONAL REVIEW FOR THE SOCIOLOGY OF SPORT | ||
| 250 | _aVol. 58, No. 6 | ||
| 260 |
_a London; Thousand Oaks _bSage Publications _c2023 |
||
| 490 | _aVol. 58, No. 6 | ||
| 546 | _aSports--Social aspects--Periodicals | ||
| 942 |
_cSR _2lcc |
||
| 999 |
_c37245 _d37245 |
||